| 000 | 01152cam a22002291 4500 | ||
|---|---|---|---|
| 001 | sa 64005154 | ||
| 003 | DLC | ||
| 005 | 20260227112030.0 | ||
| 008 | 860515m19349999ii f000 0 eng | ||
| 010 | _asa 64005154 | ||
| 035 | _a(OCoLC)15867145 | ||
| 040 |
_aDLC _cMnSU _dOCoLC _dDLC |
||
| 042 | _apremarc | ||
| 043 | _aa-ii--- | ||
| 050 | 0 | 0 |
_aQK355 _b.F58 |
| 245 | 0 | 0 |
_aFlora of Assam, _cby U. N. Kanjilal and others. |
| 260 |
_a[Shillona] _bPublished under the authority of the Government of Assam, _c[pref. 1934-40?] |
||
| 300 |
_a5. v. in 6 _c19 cm. |
||
| 505 | 1 | _av. 1, pt. 1, Ranunculaceae to Elaeocarpaceae, by U. N. Kanjilal, P. C. Kanjilal, and A. Das.--v. 1, pt. 2, Linaceae to Moringaceae by U. N. Kanjilal, P. C. Kanjilal, A. Das and C. Purkayastha.--v. 2. Connaraceae to Coraceae, by U. N. Kanjilal, P. C. Kanjilal, and A. Das.--v. 3. Caprifoliceae to Plantaginaceae, by U. N. Kanjilal, A. Das, P. C. Kanjilal and R. N. De.--v. 4. Nyctaginaceae to Cycadaceae, by U. N. Kanjilal, P. C. Kanjilal, R. N. De and A. Das.--v. 5. Gramineae, by N. L. Bor. | |
| 650 | 0 |
_aBotany _zIndia _zAssam. |
|
| 700 | 1 |
_aKanjilal, Upendranath, _d1859-1928. |
|
| 999 |
_c58972 _d58972 |
||